Tvorba vzdialeného HMI v SCADA systéme Promotic pre laboratórny experiment vsádzkovej a membránovej procesnej stanice bakalárska práca
Na minha lista:
| Autor principal: | |
|---|---|
| Formato: | Livro |
| Idioma: | eslovaco |
| Publicado em: |
Bratislava
STU SCHK
2017
|
| Acesso em linha: | View in OPAC |
| Tags: |
Sem tags, seja o primeiro a adicionar uma tag!
|
MARC
| LEADER | 00000nam a2200000 a 4500 | ||
|---|---|---|---|
| 005 | 20260127134346.0 | ||
| 008 | 171130 2017 xo 001 0 slo d | ||
| 035 | |a vtls011724709 | ||
| 039 | 9 | |y 201711301300 |z mschk03 | |
| 040 | |a STUSCHK1 |b slo |c STUSCHK1 |e AACR2 | ||
| 100 | 1 | |a Kiš, Karol | |
| 245 | 1 | |a Tvorba vzdialeného HMI v SCADA systéme Promotic pre laboratórny experiment vsádzkovej a membránovej procesnej stanice |b bakalárska práca |c Karol Kiš | |
| 260 | |a Bratislava |b STU SCHK |c 2017 | ||
| 300 | |a 58 s. |b il. |c 25 cm | ||
| 500 | |a Študijný program: automatizácia, informatizácia a manažment v chémii a potravinárstve | ||
| 500 | |a Študijný odbor: automatizácia, priemyselné inžinierstva | ||
| 500 | |a Školiace pracovisko: Ústav informatizácie, automatizácie a matematiky | ||
| 500 | |a Evid. číslo: FCHPT-123283-76954 | ||
| 910 | |a SCHK95 | ||
| 999 | |c 10769 |d 10769 | ||